Cuatro cuadernos: viaje a Europa. 21 de mayo-17 de septiembre 1977

Na minha lista:
Detalhes bibliográficos
Autor principal: Vial Armstrong, José (autor)
Formato: Livro
Idioma:espanhol
Publicado em: Viña del Mar, Chile: Ediciones e[ad]; Escuela de Arquitectura y Diseño PUCV 2015.
Edição:1a. ed
Colecção:Colección Escuela , 2
Assuntos:
Tags: Adicionar Tag
Sem tags, seja o primeiro a adicionar uma tag!

MARC

LEADER 00000cam a2200000 a 4500
001 UCE7438
003 CL-VaPUC
005 20240808115753.0
008 150612e20150000cl |||||||||||||||||spa|d
999 |c 359533  |d 359531 
020 |a 9789568192082o.c 
020 |a 9789568192099v.1 
020 |a 9789568192105v2 
020 |a 9789568192112v.3 
020 |a 9789568192129v.4 
020 |a 9789568192136v.5 
040 |c Pontificia Universidad Católica de Valparaíso 
082 0 4 |a 741.9  |b VIA  |2 21 
100 0 |a Vial Armstrong, José  |e autor  |9 580114 
245 1 0 |a Cuatro cuadernos: viaje a Europa. 21 de mayo-17 de septiembre 1977 
250 |a 1a. ed 
260 |a Viña del Mar, Chile:  |b Ediciones e[ad]; Escuela de Arquitectura y Diseño PUCV  |c 2015. 
300 |a v 
490 0 |a Colección Escuela , 2 
500 |a c.6 v.1 Entregado por Profesor René Venegas 08-08-2024 c.5 v.2 Entregado por Profesor René Venegas 08-08-2024 c.5 v.3 Entregado por Profesor René Venegas 08-08-2024 c.5 v.4 Entregado por Profesor René Venegas 08-08-2024 c.4 v.5 Entregado por Profesor René Venegas 08-08-2024 
583 |a last modification  |c 20160909 09:51:35  |k Rodrigo Vera 
600 |a Vial, José  |d 1926 - 1983  |9 884035 
610 |a Escuela de Arquitectura y Diseño - Pontificia Universidad Católica de Valparaíso   |9 883992 
650 0 |a Expedición europea  |9 882725  |x Estudio y exploración  |x Croquis  |x Observación  |y Siglo 20 
942 |c BK  |2 ddc 
945 |d 20150612 13:50:00  |a dcastane 
952 |0 0  |1 0  |3 erd  |4 0  |6 741_900000000000000_VIA_2015  |7 0  |8 R  |9 468737  |a BIBARQ  |b BIBARQ  |h v.1  |i 5163625  |l 3  |o 741.9 VIA 2015  |p 5163625  |r 2025-01-20  |s 2023-11-15  |w 2019-11-23  |y BK_R  |z Catalogado en:20150612  |k ARQ 
952 |0 0  |1 0  |3 erd  |4 0  |6 741_900000000000000_VIA_2015  |7 0  |8 R  |9 468738  |a BIBARQ  |b BIBARQ  |h v.2  |i 5163633  |l 2  |o 741.9 VIA 2015  |p 5163633  |r 2025-01-20  |s 2023-04-28  |w 2019-11-23  |y BK_R  |z Catalogado en:20150612  |k ARQ 
952 |0 0  |1 0  |3 erd  |4 0  |6 741_900000000000000_VIA_2015  |7 0  |8 R  |9 468739  |a BIBARQ  |b BIBARQ  |h v.3  |i 5163641  |l 2  |o 741.9 VIA 2015  |p 5163641  |r 2025-01-20  |s 2023-04-28  |w 2019-11-23  |y BK_R  |z Catalogado en:20150612  |k ARQ 
952 |0 0  |1 0  |3 erd  |4 0  |6 741_900000000000000_VIA_2015  |7 0  |8 R  |9 468740  |a BIBARQ  |b BIBARQ  |h v.4  |i 516365K  |l 2  |o 741.9 VIA 2015  |p 516365K  |r 2025-01-20  |s 2023-04-28  |w 2019-11-23  |y BK_R  |z Catalogado en:20150612  |k ARQ 
952 |0 0  |1 0  |3 erd  |4 0  |6 741_900000000000000_VIA_2015  |7 0  |8 R  |9 468741  |a BIBARQ  |b BIBARQ  |h v.5  |i 5163617  |l 3  |o 741.9 VIA 2015  |p 5163617  |r 2025-01-20  |s 2023-11-15  |w 2019-11-23  |y BK_R  |z Catalogado en:20150612  |k ARQ 
952 |0 0  |1 0  |3 erd  |4 0  |6 741_900000000000000_VIA_2015  |7 0  |8 R  |9 468742  |a BIBARQ  |b BIBARQ  |h v.1  |i 5163676  |l 3  |o 741.9 VIA 2015  |p 5163676  |r 2025-01-20  |s 2023-11-13  |w 2019-11-23  |y BK_R  |z Catalogado en:20150612  |k ARQ 
952 |0 0  |1 0  |3 erd  |4 0  |6 741_900000000000000_VIA_2015  |7 0  |8 R  |9 468743  |a BIBARQ  |b BIBARQ  |h v.2  |i 5163684  |l 3  |m 1  |o 741.9 VIA 2015  |p 5163684  |r 2025-01-20  |s 2024-08-09  |w 2019-11-23  |y BK_R  |z Catalogado en:20150612  |k ARQ 
952 |0 0  |1 0  |3 erd  |4 0  |6 741_900000000000000_VIA_2015  |7 0  |8 R  |9 468744  |a BIBARQ  |b BIBARQ  |h v.3  |i 5163692  |l 3  |m 1  |o 741.9 VIA 2015  |p 5163692  |r 2025-01-20  |s 2024-08-09  |w 2019-11-23  |y BK_R  |z Catalogado en:20150612  |k ARQ 
952 |0 0  |1 0  |3 erd  |4 0  |6 741_900000000000000_VIA_2015  |7 0  |8 R  |9 468745  |a BIBARQ  |b BIBARQ  |h v.4  |i 5163706  |l 3  |m 1  |o 741.9 VIA 2015  |p 5163706  |r 2025-01-20  |s 2024-08-09  |w 2019-11-23  |y BK_R  |z Catalogado en:20150612  |k ARQ 
952 |0 0  |1 0  |3 erd  |4 0  |6 741_900000000000000_VIA_2015  |7 0  |8 R  |9 468746  |a BIBARQ  |b BIBARQ  |h v.5  |i 5163668  |l 3  |o 741.9 VIA 2015  |p 5163668  |r 2025-01-20  |s 2023-11-13  |w 2019-11-23  |y BK_R  |z Catalogado en:20150612  |k ARQ 
952 |0 0  |1 0  |3 erb  |4 0  |6 741_900000000000000_VIA_2015  |7 0  |8 X  |9 468747  |a FDOBUD  |b FDOBUD  |h v.1  |i 5319021  |o 741.9 VIA 2015  |p 5319021  |r 2019-11-23  |w 2019-11-23  |y BK_X  |z Catalogado en:20160915  |k FHP 
952 |0 0  |1 0  |3 erb  |4 0  |6 741_900000000000000_VIA_2015  |7 0  |8 X  |9 468748  |a FDOBUD  |b FDOBUD  |h v.2  |i 531903K  |o 741.9 VIA 2015  |p 531903K  |r 2019-11-23  |w 2019-11-23  |y BK_X  |z Catalogado en:20160915  |k FHP 
952 |0 0  |1 0  |3 erb  |4 0  |6 741_900000000000000_VIA_2015  |7 0  |8 X  |9 468749  |a FDOBUD  |b FDOBUD  |h v.3  |i 5319048  |o 741.9 VIA 2015  |p 5319048  |r 2019-11-23  |w 2019-11-23  |y BK_X  |z Catalogado en:20160915  |k FHP 
952 |0 0  |1 0  |3 erb  |4 0  |6 741_900000000000000_VIA_2015  |7 0  |8 X  |9 468750  |a FDOBUD  |b FDOBUD  |h v.4  |i 5319056  |o 741.9 VIA 2015  |p 5319056  |r 2019-11-23  |w 2019-11-23  |y BK_X  |z Catalogado en:20160915  |k FHP 
952 |0 0  |1 0  |3 erb  |4 0  |6 741_900000000000000_VIA_2015  |7 0  |8 X  |9 468751  |a FDOBUD  |b FDOBUD  |h v.1  |i 5319013  |o 741.9 VIA 2015  |p 5319013  |r 2019-11-23  |w 2019-11-23  |y BK_X  |z Catalogado en:20160915  |k FHP 
952 |0 0  |1 0  |3 erb  |4 0  |6 741_900000000000000_VIA_2015  |7 0  |8 R  |9 468752  |a BIBARQ  |b BIBARQ  |h v.1  |i 5592666  |l 6  |m 2  |o 741.9 VIA 2015  |p 5592666  |r 2025-01-20  |s 2024-08-09  |w 2019-11-23  |y BK_R  |z Catalogado en:20190705  |k ARQ 
952 |0 0  |1 0  |3 erb  |4 0  |6 741_900000000000000_VIA_2015  |7 0  |8 R  |9 468753  |a BIBARQ  |b BIBARQ  |h v.2  |i 5592674  |l 3  |m 1  |o 741.9 VIA 2015  |p 5592674  |r 2025-01-20  |s 2023-11-13  |w 2019-11-23  |y BK_R  |z Catalogado en:20190705  |k ARQ 
952 |0 0  |1 0  |3 erb  |4 0  |6 741_900000000000000_VIA_2015  |7 0  |8 R  |9 468754  |a BIBARQ  |b BIBARQ  |h v.3  |i 5592682  |l 3  |m 1  |o 741.9 VIA 2015  |p 5592682  |r 2025-01-20  |s 2023-11-13  |w 2019-11-23  |y BK_R  |z Catalogado en:20190705  |k ARQ 
952 |0 0  |1 0  |3 erb  |4 0  |6 741_900000000000000_VIA_2015  |7 0  |8 R  |9 468755  |a BIBARQ  |b BIBARQ  |h v.4  |i 5592690  |l 3  |m 1  |o 741.9 VIA 2015  |p 5592690  |r 2025-01-20  |s 2023-11-13  |w 2019-11-23  |y BK_R  |z Catalogado en:20190705  |k ARQ 
952 |0 0  |1 0  |3 erb  |4 0  |6 741_900000000000000_VIA_2015  |7 0  |8 R  |9 468756  |a BIBARQ  |b BIBARQ  |h v.5  |i 5592704  |l 6  |m 2  |o 741.9 VIA 2015  |p 5592704  |r 2025-01-20  |s 2024-08-09  |w 2019-11-23  |y BK_R  |z Catalogado en:20190705  |k ARQ 
952 |0 0  |1 0  |2 ddc  |4 0  |6 741_900000000000000_VIA_2015  |7 0  |8 A  |9 596239  |a BIBGIM  |b BIBGIM  |d 2024-08-08  |h v.1  |i 5662350  |o 741.9 VIA 2015  |p 5662350  |r 2025-01-15  |t 6  |w 2024-08-08  |y BK  |k ELE 
952 |0 0  |1 0  |2 ddc  |4 0  |6 741_900000000000000_VIA_2015  |7 0  |8 A  |9 596240  |a BIBGIM  |b BIBGIM  |d 2024-08-08  |h v.2  |i 5662351  |o 741.9 VIA 2015  |p 5662351  |r 2025-01-15  |t 5  |w 2024-08-08  |y BK  |k ELE 
952 |0 0  |1 0  |2 ddc  |4 0  |6 741_900000000000000_VIA_2015  |7 0  |8 A  |9 596241  |a BIBGIM  |b BIBGIM  |d 2024-08-08  |h v.3  |i 5662352  |o 741.9 VIA 2015  |p 5662352  |r 2025-01-15  |t 5  |w 2024-08-08  |y BK  |k ELE 
952 |0 0  |1 0  |2 ddc  |4 0  |6 741_900000000000000_VIA_2015  |7 0  |8 A  |9 596242  |a BIBGIM  |b BIBGIM  |d 2024-08-08  |h v.4  |i 5662353  |o 741.9 VIA 2015  |p 5662353  |r 2025-01-15  |t 5  |w 2024-08-08  |y BK  |k ELE 
952 |0 0  |1 0  |2 ddc  |4 0  |6 741_900000000000000_VIA_2015  |7 0  |8 A  |9 596243  |a BIBGIM  |b BIBGIM  |d 2024-08-08  |h v.5  |i 5662354  |o 741.9 VIA 2015  |p 5662354  |r 2025-01-15  |t 4  |w 2024-08-08  |y BK  |k ELE